[Event "Challengers' Cup"]
[Site "Seattle, WA"]
[Date "2014.10.25"]
[Round "1"]
[White "He Anthony  (WA)"]
[Black "Bashkansky Naomi (WA)"]
[Result "1-0"]
[WhiteElo "1898"]
[BlackElo "1645"]
[Annotator ""]
[Source ""]
[Remark "Open"]

1.e4 e5 2.Nf3 Nc6 3.Bc4 Bc5 4.c3 Nf6 5.d3 d6 6.Bb3 h6 7.Nbd2
Be6 8.Nf1 O-O 9.Ng3 d5 10.Qe2 Re8 11.O-O Qd6 12.h3 Rad8 13.Rd1
d4 14.Bc2 b5 15.Nh4 b4 16.c4 Ne7 17.Qf3 Bd7 18.Rf1 g5 19.Nhf5
Nxf5 20.Nxf5 Bxf5 21.Qxf5 Qe6 22.Qf3 Nh7 23.Bd1 Nf8 24.Qg3 Ng6
25.Bg4 Qf6 26.Bd2 Nf4 27.Qf3 Rd6 28.g3 Ng6 29.Qe2 Rdd8 30.Kg2
Bd6 31.a3 bxa3 32.b4 c5 33.b5 Bc7 34.Rxa3 Bb6 35.Rfa1 Rd6 36.Ra6
Kg7 37.Qe1 Ne7 38.Qc1 Qg6 39.Bf3 Rf8 40.Qe1 Qf6 41.Qe2 Ng6 42.Bg4
Re8 43.Rf1 Rg8 44.Kh2 Re8 45.Qd1 Rg8 46.Qc1 Rh8 47.Kg1 Rdd8 48.Kg2
Qd6 49.f4 gxf4 50.gxf4 exf4 51.Bxf4 Nxf4+ 52.Qxf4 Qxf4 53.Rxf4
Rde8 54.Ra2 Kf8 55.Bh5 Re7 56.Rf6 Rh7 57.Raf2 Bc7 58.R2f5 Bb6
59.Kf2 Kg8 60.Kf3 Rd7 61.Bg4 Re7 62.Bh5 Kg7 63.Rd6 Rh8 {   At this point the score sheet ends with the notation "time trouble".  Eventually, White wins.}
 1-0

[Event "Challengers' Cup"]
[Site "Seattle, WA"]
[Date "2014.10.25"]
[Round "1"]
[White "Ahluwalia Anshul  (WA)"]
[Black "Hasuike Mike  (OR)"]
[Result "0-1"]
[WhiteElo "1214"]
[BlackElo "1500"]
[Annotator ""]
[Source ""]
[Remark "Reserve"]

1.d4 Nf6 2.c4 e5 3.dxe5 Ne4 4.Qc2 Bb4+ 5.Nd2 Nxd2 6.Bxd2 Qe7
7.Nf3 Nc6 8.e3 b6 9.Be2 Bb7 10.O-O Bxd2 11.Qxd2 Nxe5 12.Nxe5
Qxe5 13.Qd4 Qxd4 14.exd4 d5 15.b3 O-O-O 16.Rfd1 Rhe8 17.Bg4+
Kb8 18.Rac1 dxc4 19.Rxc4 Bd5 20.Rc2 g6 21.h3 a6 22.Re2 f5 23.Rxe8
Rxe8 24.Bf3 Bxf3 25.gxf3 c6 26.Kf1 Kc7 27.Re1 Rxe1+ 28.Kxe1 Kd6
29.Kd2 Kd5 30.Kc3 g5 31.b4 a5 32.bxa5 bxa5 33.a4 c5 34.dxc5 Kxc5
35.f4 gxf4 36.h4 f3 37.Kd3 h5 38.Ke3 Kb4 39.Kxf3 Kxa4 40.Kf4
Kb3 41.Kxf5 a4 42.Kg5 a3 43.Kxh5 a2 44.Kh6 a1Q 45.f4 Qh8+ 46.Kg5
Qg7+ 47.Kh5 Kc4 48.f5 Kd4 49.f6 Qxf6 50.Kg4 Qh6 51.h5 Ke5 52.Kh4
Kf4 53.Kh3 Qxh5+ 54.Kg2 Qh4 55.Kg1 Kf3 56.Kf1 Qf2# 0-1

[Event "Challengers' Cup"]
[Site "Seattle, WA"]
[Date "2014.10.25"]
[Round "1"]
[White "Smith Catherine M  (WA)"]
[Black "Huang Jared  (WA)"]
[Result "1/2-1/2"]
[WhiteElo "1624"]
[BlackElo "1157"]
[Annotator ""]
[Source ""]
[Remark "Reserve"]

1.e4 c5 2.Nf3 Nc6 3.Bc4 e6 4.Nc3 d6 5.O-O Nf6 6.d3 Be7 7.a3 a6
8.h3 Qc7 9.Bf4 Bd7 10.Re1 b5 11.Ba2 b4 12.Ne2 a5 13.a4 O-O 14.Bc4
Na7 15.Qd2 Rfd8 16.c3 Nc8 17.cxb4 cxb4 18.Rec1 Qb7 19.Be3 Nb6
20.Bxb6 Qxb6 21.Bb3 Rac8 22.Rxc8 Rxc8 23.Rc1 Rxc1+ 24.Qxc1 Qc6
25.Qe3 Qc5 26.d4 Qc7 27.Qd3 Bc6 28.d5 exd5 29.exd5 Bb7 30.Ng5
h6 31.Ne4 Qd7 32.Nxf6+ Bxf6 33.Nd4 Bxd4 34.Qxd4 Qf5 35.Qd1 Qe5
36.Qd2 Qf5 37.Qd1 Qe5 1/2-1/2

[Event "Challengers' Cup"]
[Site "Seattle, WA"]
[Date "2014.10.25"]
[Round "2"]
[White "Tan Alan  (WA)"]
[Black "Hou Frank  (WA)"]
[Result "1-0"]
[WhiteElo "1607"]
[BlackElo "1778"]
[Annotator ""]
[Source ""]
[Remark "Reserve"]

1.c4 d6 2.Nc3 Nf6 3.g3 g6 4.Bg2 Bg7 5.Nf3 O-O 6.O-O Bf5 7.Nh4
Be6 8.Bxb7 Nbd7 9.d3 Bh3 10.Bg2 Bxg2 11.Nxg2 c5 12.Rb1 Nb6 13.e4
e6 14.Be3 Qe7 15.Na4 d5 16.Bxc5 Qd7 17.Bxb6 dxc4 18.Bc5 Rfc8
19.e5 Ne8 20.d4 Nc7 21.Ne3 Na6 22.Nxc4 Nxc5 23.Nxc5 Qd5 24.Nd6
Rxc5 25.dxc5 Qxc5 26.Qf3 Rb8 27.Qxf7+ Kh8 28.Ne8 Qxe5 29.Qxg7+
Qxg7 30.Nxg7 Kxg7 31.b4 Kf6 32.a4 a6 33.b5 axb5 34.axb5 Ke7 35.b6
Rb7 36.Rfc1 Kd6 37.Rc7 Rxc7 38.bxc7 Kxc7 39.Rd1 h5 40.h4 e5 41.Kg2
Kc6 42.Kf3 Kc5 43.Ke4 Kc4 44.Kxe5 Kc3 45.Ke4 Kc2 46.Rd7 Kc1 47.Ke3
Kc2 48.Rc7+ Kd1 49.Rc3 g5 50.hxg5 h4 51.gxh4 Ke1 52.Rc1# 1-0

[Event "Challengers' Cup"]
[Site "Seattle, WA"]
[Date "2014.10.25"]
[Round "2"]
[White "Saarenas Mark  (WA)"]
[Black "Abdul-Mujeeb Numan  (WA)"]
[Result "1-0"]
[WhiteElo "1899"]
[BlackElo "1698"]
[Annotator ""]
[Source ""]
[Remark "Open"]

1.e4 c5 2.Nf3 d6 3.d4 cxd4 4.Nxd4 Nf6 5.Nc3 a6 6.Bg5 Nbd7 7.Be2
h6 8.Be3 e5 9.Nb3 Be7 10.a4 O-O 11.O-O Qc7 12.f4 b6 13.f5 Bb7
14.Bf3 Nc5 15.Nxc5 dxc5 16.Qd2 Rad8 17.Qf2 Kh7 18.g4 Rd6 19.Qg3
Rd4 20.Bxd4 cxd4 21.Nd5 Nxd5 22.exd5 Bd6 23.f6 g6 24.Be4 Qc5
25.Qf3 Rc8 26.Rf2 a5 27.h4 Qb4 28.h5 Rg8 29.hxg6+ Rxg6 30.Bxg6+
fxg6 31.f7 Bf8 32.Qe4 Qd6 33.Re1 Bxd5 34.Qxe5 Qd7 35.Rf4 d3 36.cxd3
Bxf7 37.Ref1 Bc5+ 38.d4 Bc4 39.R1f2 Bd6 40.Qf6 Bxf4 41.Rxf4 Qxa4
42.Qe7+ Kh8 43.Rf8+ Bg8 44.Qe5+ Kh7 45.Qe7+ Kh8 46.Qe3 Qa1+ 47.Rf1 1-0

[Event "Challengers' Cup"]
[Site "Seattle, WA"]
[Date "2014.10.25"]
[Round "2"]
[White "Haining Breck  (WA)"]
[Black "Shubin Daniel  (WA)"]
[Result "1-0"]
[WhiteElo "1317"]
[BlackElo "1025"]
[Annotator ""]
[Source ""]
[Remark "Reserve"]

1.e4 e6 2.Nf3 d5 3.Nc3 Bb4 4.exd5 exd5 5.Qe2+ Ne7 6.Qb5+ Nbc6
7.Ne5 a6 8.Nxc6 axb5 9.Nxd8 Bxc3 10.dxc3 Kxd8 11.Bxb5 c6 12.Bd3
Ng6 13.O-O Be6 14.Be3 Kd7 15.a3 Ne7 16.Rad1 h5 17.c4 Ke8 18.cxd5
Bxd5 19.Rfe1 Kf8 20.Bc5 Re8 21.Re3 Be6 22.Rde1 Kg8 23.Bxe7 Rxe7
24.Bc4 Rh6 25.Bb3 Rf6 26.f3 g6 27.Kf2 Kf8 28.Bxe6 Rfxe6 29.Rxe6
Rxe6 30.Rxe6 fxe6 31.Ke3 Ke7 32.c4 b6 33.b4 b5 34.c5 Kf6 35.h4
Kf5 36.g3 e5 37.Kd3 Ke6 38.Ke4 Kf6 39.g4 1-0

[Event "Challengers' Cup"]
[Site "Seattle, WA"]
[Date "2014.10.25"]
[Round "2"]
[White "Huang Jared  (WA)"]
[Black "Piper August  (WA)"]
[Result "0-1"]
[WhiteElo "1157"]
[BlackElo "1523"]
[Annotator ""]
[Source ""]
[Remark "Reserve"]

1.d4 d5 2.c4 dxc4 3.Nc3 a6 4.Nf3 b5 5.a4 b4 6.Ne4 Qd5 7.Nc5 Nf6
8.Bd2 a5 9.e3 Na6 10.Qc2 Nxc5 11.dxc5 Qxc5 12.Bxc4 e6 13.Bb5+
Bd7 14.Qxc5 Bxc5 15.Rc1 Bd6 16.Bxd7+ Kxd7 17.O-O c5 18.Rfe1 Ne4
19.Red1 Rac8 20.Rc4 f5 21.Ne1 Rhd8 22.f3 Nf6 23.e4 Kc6 24.exf5
exf5 25.Rcc1 h6 26.Be3 Nd5 27.Bf2 Re8 28.Nc2 Bf4 29.Rb1 Ne3 30.Nxe3
Bxe3 31.Re1 f4 32.Bxe3 fxe3 33.Rbd1 c4 34.Rd4 Kc5 35.Rg4 g5 36.Kf1
Rcd8 37.Rc1 Rd4 38.Rxd4 Kxd4 39.Ke2 c3 40.Rd1+ Kc4 41.bxc3 Kxc3
42.Rc1+ Kb3 43.Ra1 Kb2 44.Rd1 Kc2 45.Rd5 b3 46.Rc5+ Kb2 47.Rxa5
Kc2 48.Rb5 b2 49.a5 Ra8 50.Kxe3 b1Q 51.Rxb1 Kxb1 52.f4 Rxa5 53.fxg5
hxg5 54.Kf3 Ra4 55.g3 Kc2 56.g4 Kd2 57.Kg3 Ra3+ 58.Kf2 Re3 59.Kf1
Re4 60.Kg2 Rxg4+ 61.Kh3 Re4 62.Kg3 Ke3 63.h3 Rf4 64.h4 Rxh4 65.Kg2
Kf4 66.Kg1 Kf3 67.Kf1 Rh1# 0-1

[Event "Challengers' Cup"]
[Site "Seattle, WA"]
[Date "2014.10.25"]
[Round "2"]
[White "Munkh-Erdene Munkhbileg  (WA)"]
[Black "Mathews Daniel  (WA)"]
[Result "0-1"]
[WhiteElo "1393"]
[BlackElo "1760"]
[Annotator ""]
[Source ""]
[Remark "Reserve"]

1.e4 c5 2.Nf3 g6 3.d4 e6 4.Nc3 b6 5.d5 Bg7 6.Nb5 Bf8 7.Bf4 Na6
8.d6 Bb7 9.Nc7+ Nxc7 10.dxc7 Qc8 11.Bb5 a6 12.Be2 Bg7 13.c3 Nf6
14.Qd2 Nxe4 15.Qd3 d5 16.O-O O-O 17.Rad1 a5 18.c4 Nf6 19.b3 d4
20.a3 Ne4 21.Rb1 Re8 22.b4 Nc3 23.Rb2 e5 24.Nxe5 Bxe5 25.Bxe5
Rxe5 26.Qg3 Rxe2 27.Rb3 Re3 28.fxe3 Ne2+ 29.Kf2 Nxg3 30.Kxg3
Qxc7+ 31.Kf2 Qe5 32.g3 Qe4 33.Rg1 Re8 34.Rb2 Qf3+ 35.Ke1 Rxe3+
36.Re2 Qxe2# 0-1

[Event "Challengers' Cup"]
[Site "Seattle, WA"]
[Date "2014.10.25"]
[Round "2"]
[White "Feng Roland  (WA)"]
[Black "Wang James  (WA)"]
[Result "1-0"]
[WhiteElo "2292"]
[BlackElo "1805"]
[Annotator ""]
[Source ""]
[Remark "Open"]

1.d4 d5 2.c4 c6 3.cxd5 cxd5 4.Nf3 Nf6 5.Nc3 Nc6 6.Bf4 Bf5 7.e3
e6 8.Qb3 Nb4 9.Bb5+ Nc6 10.Ne5 Rc8 11.Nxc6 Rxc6 12.Bxc6+ bxc6
13.Qb7 Qb6 14.Qc8+ Ke7 15.Bc7 e5 16.Qd8+ Ke6 17.Bxb6 axb6 18.Qc8+
Nd7 19.Qxc6+ Bd6 20.Nb5 f6 21.g4 Bd3 22.Qxd6+ Kf7 23.Qxd7+ Kg6
24.Nd6 Rf8 25.Kd2 Be4 26.f3 h6 27.fxe4 Kh7 28.Qf5+ Kg8 29.g5
hxg5 30.Qe6+ Kh7 31.h4 g4 32.Rag1 f5 33.exf5 Rf6 34.Qxf6 gxf6
35.Rxg4 b5 36.Rhg1 e4 37.Nf7 1-0

[Event "Challengers' Cup"]
[Site "Seattle, WA"]
[Date "2014.10.25"]
[Round "2"]
[White "Jung Trevor  (WA)"]
[Black "Seshadri Sridhar  (WA)"]
[Result "1-0"]
[WhiteElo "1577"]
[BlackElo "1755"]
[Annotator ""]
[Source ""]
[Remark "Open"]

1.e4 c5 2.Nf3 d6 3.d4 cxd4 4.Nxd4 Nf6 5.Nc3 a6 6.Bc4 e6 7.O-O
b5 8.Bb3 b4 9.Na4 Nxe4 10.Re1 Nc5 11.Nxc5 dxc5 12.Ba4+ Bd7 13.Nxe6
fxe6 14.Rxe6+ Be7 15.Bg5 O-O 16.Bxe7 Qc7 17.Bxd7 Rf7 18.Be8 Rxe7
19.Rxe7 Qxe7 20.Qd5+ Kf8 21.Qxa8 Qxe8 22.Qf3+ Kg8 23.Qe3 Qf8
24.Re1 h6 25.Qe8 c4 26.Qxf8+ Kxf8 27.Re4 a5 28.Rxc4 Nd7 29.Rd4
Ke7 30.Rd5 a4 31.Rd4 b3 32.Rxa4 bxc2 33.Rc4 Ne5 34.Rxc2 Nd3 35.a4
Nb4 36.Rc4 Na6 37.b4 Kd6 38.b5 1-0

[Event "Challengers' Cup"]
[Site "Seattle, WA"]
[Date "2014.10.25"]
[Round "2"]
[White "Anthony Ralph  (WA)"]
[Black "Arustamian Katherine  (WA)"]
[Result "1/2-1/2"]
[WhiteElo "1667"]
[BlackElo "1398"]
[Annotator ""]
[Source ""]
[Remark "Reserve"]

1.e4 e6 2.d3 d5 3.Nd2 Nf6 4.Ngf3 c5 5.g3 Nc6 6.Bg2 Bd6 7.O-O
Bd7 8.Re1 dxe4 9.dxe4 e5 10.Nc4 Bc7 11.Nd6+ Bxd6 12.Qxd6 Qe7
13.Qxe7+ Kxe7 14.c3 h6 15.Nd2 g5 16.f3 Be6 17.Nb3 Nd7 18.Be3
b6 19.Rad1 Rag8 20.Kf2 h5 21.Bf1 h4 22.g4 f6 23.Bb5 Rc8 24.Nd2
Na5 25.Ba6 Rc7 26.b3 Rb8 27.Bb5 Nf8 28.Be2 Rd8 29.Rc1 Ng6 30.h3
Nf4 31.Bf1 Nd3+ 32.Bxd3 Rxd3 33.Ke2 Rcd7 34.c4 Nc6 35.Nb1 Nb4
36.Nc3 R3d6 37.Nd5+ Bxd5 1/2-1/2

[Event "Challengers' Cup"]
[Site "Seattle, WA"]
[Date "2014.10.25"]
[Round "2"]
[White "Allen Robert  (WA)"]
[Black "Cross Jason  (WA)"]
[Result "1/2-1/2"]
[WhiteElo "1796"]
[BlackElo "1528"]
[Annotator ""]
[Source ""]
[Remark "Reserve"]

1.d4 Nf6 2.c4 c5 3.d5 e5 4.Bg5 d6 5.Nc3 Be7 6.Qc2 Ng4 7.Bxe7
Qxe7 8.Nf3 f5 9.e4 O-O 10.h3 Nf6 11.O-O-O Nxe4 12.Nxe4 fxe4 13.Qxe4
Bf5 14.Qe3 a6 15.g4 Bd7 16.Bd3 Rf4 17.Rde1 Qd8 18.Nd2 b5 19.Ne4
Qf8 20.b3 Rf3 21.Qd2 Be8 22.Re3 Rf4 23.Rf1 Qe7 24.Ng3 b4 25.Re4
Rxe4 26.Bxe4 Nd7 27.g5 Bg6 28.Bxg6 hxg6 29.Ne4 Rf8 30.f4 exf4
31.Rxf4 Rf5 32.Rxf5 gxf5 33.Nf2 Ne5 34.Qe3 g6 35.Kd2 Qxg5 36.Qxg5
Nf3+ 37.Ke3 Nxg5 38.Kf4 Nf7 39.h4 Kg7 40.h5 Ne5 41.hxg6 Kxg6
42.Nh1 Nd3+ 43.Ke3 Nc1 44.Kf4 Nxa2 45.Ng3 Nc1 46.Nxf5 Nxb3 47.Nxd6
Na5 48.Ke3 Kf6 49.Ne4+ Ke5 1/2-1/2

[Event "Challengers' Cup"]
[Site "Seattle, WA"]
[Date "2014.10.25"]
[Round "2"]
[White "Bashkansky Naomi (WA)"]
[Black "Yu Jason  (WA)"]
[Result "0-1"]
[WhiteElo "1645"]
[BlackElo "1815"]
[Annotator ""]
[Source ""]
[Remark "Open"]

1.d4 d5 2.c4 e6 3.Nc3 Be7 4.cxd5 exd5 5.Bf4 Nf6 6.e3 c6 7.Bd3
Nbd7 8.Nge2 Nh5 9.Bg3 h6 10.O-O Nxg3 11.Nxg3 Nf6 12.f3 O-O 13.Bc2
Bd6 14.e4 Bxg3 15.hxg3 dxe4 16.fxe4 Bg4 17.Qd3 Bh5 18.Rf2 Bg6
19.Qc4 Ng4 20.Re2 Qg5 21.Nd1 Qh5 22.Nf2 Qh2+ 23.Kf1 Qxg3 24.Nxg4
Qxg4 25.Rd1 Rad8 26.Rdd2 Rfe8 27.d5 cxd5 28.Rxd5 Rc8 29.Qd4 Rc6
30.Rd8 Rxd8 31.Qxd8+ Kh7 32.Qb8 Rxc2 33.Rxc2 Qd1+ 34.Kf2 Qxc2+
35.Kg3 Qxb2 36.Qxa7 Bxe4 37.Qd4 Qxg2+ 38.Kf4 Bc6 39.Qc4 Qg5# 0-1

[Event "Challengers' Cup"]
[Site "Seattle, WA"]
[Date "2014.10.25"]
[Round "2"]
[White "Zhang Eric  (WA)"]
[Black "Haining Kyle  (WA)"]
[Result "0-1"]
[WhiteElo "1917"]
[BlackElo "2061"]
[Annotator ""]
[Source ""]
[Remark "Open"]

1.d4 g6 2.c4 Bg7 3.Nc3 Nf6 4.e4 d6 5.Nf3 O-O 6.Be2 c5 7.O-O Re8
8.d5 e6 9.Qc2 exd5 10.cxd5 Bg4 11.h3 Bxf3 12.Bxf3 Nbd7 13.Bg5
a6 14.a4 Rc8 15.Be2 Qa5 16.Rfe1 Qb4 17.Bf1 c4 18.Bd2 Qc5 19.Be3
Qc7 20.Rad1 Rb8 21.Rd4 b5 22.axb5 axb5 23.f4 Nc5 24.Bf2 Nh5 25.e5
dxe5 26.d6 Qc6 27.fxe5 Bxe5 28.Rd5 Bxd6 29.Qd2 Bf8 30.Rxe8 Rxe8
31.Qg5 Ne6 32.Qd2 b4 33.Ne2 Nf6 34.Ra5 Rd8 35.Qc2 b3 36.Qc3 Ne4
37.Qf3 Rd3 38.Qg4 Nxf2 39.Kxf2 0-1

[Event "Challengers' Cup"]
[Site "Seattle, WA"]
[Date "2014.10.25"]
[Round "2"]
[White "Huang Ethan  (WA)"]
[Black "Lewis-Sandy Joshua  (WA)"]
[Result "0-1"]
[WhiteElo "696"]
[BlackElo "1301"]
[Annotator ""]
[Source ""]
[Remark "Reserve"]

1.d4 Nf6 2.Bg5 d5 3.e3 Bf5 4.Bd3 e6 5.f4 c6 6.Nf3 h6 7.Bxf6 gxf6
8.Nh4 Bxd3 9.Qxd3 f5 10.Nf3 Nd7 11.Nbd2 Qc7 12.Ne5 Nxe5 13.fxe5
Rg8 14.g3 Rc8 15.c3 c5 16.Qb5+ Kd8 17.Qe2 Rg5 18.Nf3 Rg4 19.Rg1
cxd4 20.Nxd4 Bc5 21.O-O-O Re4 22.Qh5 Rxe3 23.Qxh6 Qxe5 24.Qg5+
Kd7 25.Qf4 Qxf4 26.gxf4 Re4 27.Kb1 Rxf4 28.Rg7 Bxd4 29.Rxf7+
Ke8 30.Rxb7 Bb6 31.Re1 Re4 32.Rf1 d4 33.cxd4 Bxd4 34.Rd1 Re2
35.a3 Be5 36.Rdd7 Rb8 37.Re7+ Kd8 38.Rbd7+ Kc8 39.Rxa7 Rbxb2+
40.Kc1 Re1# 0-1

[Event "Challengers' Cup"]
[Site "Seattle, WA"]
[Date "2014.10.25"]
[Round "2"]
[White "Upalekar Rohan  (WA)"]
[Black "Lee Addison  (WA)"]
[Result "0-1"]
[WhiteElo "739"]
[BlackElo "1527"]
[Annotator ""]
[Source ""]
[Remark "Reserve"]

1.e4 c5 2.Nf3 Nc6 3.Nc3 g6 4.Bc4 Bg7 5.O-O d6 6.d3 Bg4 7.Be3
Bd7 8.Ng5 e6 9.h4 Nf6 10.Bf4 h6 11.Nf3 e5 12.Be3 a6 13.d4 cxd4
14.Bxd4 exd4 15.Nxd4 O-O 16.Nxc6 Bxc6 17.Re1 Re8 18.e5 dxe5 19.Qxd8
Raxd8 20.Rad1 Rxd1 21.Rxd1 Rc8 22.Bb3 Kf8 23.Re1 Re8 24.Kf1 Nd7
25.Ne4 Bxe4 26.Rxe4 Nc5 27.Rb4 Nxb3 28.axb3 b5 29.c4 Rb8 30.cxb5
Rxb5 31.Rxb5 axb5 32.Ke2 e4 33.Ke3 f5 34.f4 exf3 35.Kxf3 Bxb2
36.g4 fxg4+ 37.Kxg4 Kf7 38.h5 gxh5+ 39.Kxh5 Ke6 40.Kg4 Ke5 41.Kg3
Kd4 42.Kg4 Kc3 43.Kg3 Kxb3 44.Kg4 Kc3 45.Kg3 Ba3 46.Kg4 b4 47.Kf5
b3 48.Kg6 b2 49.Kxh6 b1Q 0-1

[Event "Challengers' Cup"]
[Site "Seattle, WA"]
[Date "2014.10.26"]
[Round "3"]
[White "Yu Jason  (WA)"]
[Black "Rupel David  (WA)"]
[Result "1/2-1/2"]
[WhiteElo "1815"]
[BlackElo "2000"]
[Annotator ""]
[Source ""]
[Remark "Open"]

1.e4 c5 2.Nf3 d6 3.d4 cxd4 4.Nxd4 Nf6 5.Nc3 a6 6.Be3 Ng4 7.Bg5
h6 8.Bh4 g5 9.Bg3 Bg7 10.h4 Nc6 11.Nxc6 bxc6 12.Be2 h5 13.Qd2
Rb8 14.Rb1 Qa5 15.O-O Rxb2 16.Rxb2 Bxc3 17.Qc1 gxh4 18.Bxh4 Bxb2
19.Qxb2 Qe5 20.Qxe5 Nxe5 21.Rb1 Ng6 22.Bg5 f6 23.Bd2 h4 24.Rb6
a5 25.Bxa5 Nf4 26.Ba6 Rh5 27.Bd2 Bxa6 28.Rxa6 Ne6 29.Rxc6 1/2-1/2

[Event "Challengers' Cup"]
[Site "Seattle, WA"]
[Date "2014.10.26"]
[Round "3"]
[White "Phillips Daniel  (WA)"]
[Black "Jung Trevor  (WA)"]
[Result "0-1"]
[WhiteElo "1886"]
[BlackElo "1577"]
[Annotator ""]
[Source ""]
[Remark "Open"]

1.d4 f5 2.g3 Nf6 3.Bg2 d6 4.Nf3 e6 5.O-O Be7 6.c4 O-O 7.Qc2 Qe8
8.Nbd2 Nc6 9.a3 e5 10.e3 Kh8 11.b4 e4 12.Ne1 d5 13.Bb2 Nd8 14.cxd5
Nxd5 15.Rd1 h5 16.Nc4 h4 17.Qe2 Rf6 18.Ne5 Rh6 19.f3 Bg5 20.Nc2
exf3 21.Rxf3 Nf6 22.Rdf1 Qh5 23.gxh4 Bxh4 24.Qd3 Ne4 25.Rh3 Ng5
26.Rhf3 Nxf3+ 27.Rxf3 Bf6 28.Rh3 Qe8 29.Rxh6+ gxh6 30.Qf1 Nf7
31.Ng6+ Kh7 32.Nf4 c6 33.e4 fxe4 34.Nh5 Bg5 35.Bxe4+ Kg8 36.Bg6
Bg4 37.d5 Be3+ 38.Nxe3 Qxe3+ {%02'time'} 0-1

[Event "Challengers' Cup"]
[Site "Seattle, WA"]
[Date "2014.10.26"]
[Round "3"]
[White "Rupel David  (WA)"]
[Black "Saarenas Mark  (WA)"]
[Result "1-0"]
[WhiteElo "2105"]
[BlackElo "1899"]
[Annotator ""]
[Source ""]
[Remark "Open"]

1.d4 e6 2.Nf3 Nf6 3.c4 d5 4.cxd5 exd5 5.Nc3 Be7 6.Bf4 Nh5 7.Bg3
Nxg3 8.hxg3 c6 9.e3 Bf5 10.Bd3 Bxd3 11.Qxd3 h6 12.Ne5 Nd7 13.Qf5
Nxe5 14.dxe5 Bb4 15.Rc1 Qe7 16.Kf1 Bxc3 17.Rxc3 Rd8 18.Qf4 O-O
19.Qd4 f6 20.exf6 Rxf6 21.f3 b6 22.b4 a5 23.a3 axb4 24.axb4 Ra8
25.Rh4 Ra1+ 26.Kf2 Ra2+ 27.Kg1 Rg6 28.Kh2 Qd6 29.Rg4 Ra4 30.Rf4
Ra2 31.Qxb6 Rg5 32.Qd4 Qg6 33.g4 Rh5+ 34.Kg3 Qg5 35.Rf5 Qh4+
36.Kf4 Rxg2 37.Rxh5 Qg3+ {??} ( 37...Rxg4+ 38.fxg4 Qf2+ 39.Ke5
Qf6# ) 38.Kf5 Qd6 39.Qe5 Qf8+ 40.Ke6 Qxf3 41.Qf5 Qg3 42.Qf4 Qxg4+
43.Qxg4 Rxg4 44.Rxc6 Rxb4 45.Kxd5 Rb3 46.e4 Kf7 47.Rf5+ Ke7 48.Rc7+
Kd8 49.Rxg7 Rb5+ 50.Kc6 1-0

[Event "Challengers' Cup"]
[Site "Seattle, WA"]
[Date "2014.10.26"]
[Round "3"]
[White "Seshadri Sridhar  (WA)"]
[Black "Bashkansky Naomi (WA)"]
[Result "1/2-1/2"]
[WhiteElo "1754"]
[BlackElo "1645"]
[Annotator ""]
[Source ""]
[Remark "Open"]

1.d4 d5 2.Nf3 Nf6 3.e3 e6 4.c4 dxc4 5.Bxc4 c5 6.O-O a6 7.a4 b6
8.Nc3 Bb7 9.Re1 Nbd7 10.d5 exd5 11.Nxd5 Be7 12.e4 O-O 13.Bf4
Nxd5 14.exd5 Bf6 15.Rb1 Re8 16.b3 Bc3 17.Rxe8+ Qxe8 18.Qd3 Bb4
19.Ng5 Nf6 20.d6 Qc6 21.f3 Rf8 22.d7 Qxd7 23.Bd6 h6 24.Bxf8 Qxd3
25.Bxd3 Kxf8 26.Ne4 Nxe4 27.fxe4 Ke7 28.Kf1 f6 29.Rd1 Bc3 30.g3
Bd4 31.Rb1 a5 32.Ke2 Ke6 33.Rf1 Bc8 34.Bc4+ Ke5 35.Kd3 Bh3 36.Rc1
Bb2 37.Re1 Bd4 38.Rc1 Bb2 1/2-1/2

[Event "Challengers' Cup"]
[Site "Seattle, WA"]
[Date "2014.10.25"]
[Round "3"]
[White "Spasic Petar  (WA)"]
[Black "Haining Breck  (WA)"]
[Result "1-0"]
[WhiteElo "1535"]
[BlackElo "1319"]
[Annotator ""]
[Source ""]
[Remark "Reserve"]

1.e4 g6 2.d4 Bg7 3.Be3 d6 4.Nc3 Nf6 5.Bc4 O-O 6.Nge2 Nbd7 7.O-O
a6 8.a3 b5 9.Bd5 Nxd5 10.Nxd5 Nf6 11.Nxf6+ Bxf6 12.Bh6 Bg7 13.Bxg7
Kxg7 14.Qd2 h6 15.d5 e6 16.dxe6 Bxe6 17.Nd4 Qd7 18.Rfe1 d5 19.Nxe6+
fxe6 20.Rad1 c6 21.exd5 exd5 22.Qd4+ Rf6 23.Qe5 Raf8 24.Qe7+
R8f7 25.Qxd7 Rxd7 26.Re2 Kf7 27.b4 Re7 28.Rxe7+ Kxe7 29.f3 Re6
30.Kf2 Kd6 31.Re1 Rxe1 32.Kxe1 Ke5 33.Ke2 Kd4 34.Kd2 c5 35.bxc5
Kxc5 36.f4 a5 37.Kd3 d4 38.g4 a4 39.c3 dxc3 40.Kxc3 Kd5 41.f5
gxf5 42.gxf5 Ke5 43.Kb4 Kxf5 44.Kxb5 Ke4 45.Kxa4 Kd5 46.Kb5 Kd6
47.a4 1-0

[Event "Challengers' Cup"]
[Site "Seattle, WA"]
[Date "2014.10.25"]
[Round "3"]
[White "Beck Alec  (WA)"]
[Black "Lewis-Sandy Joshua  (WA)"]
[Result "0-1"]
[WhiteElo "1301"]
[BlackElo "1301"]
[Annotator ""]
[Source ""]
[Remark "Reserve"]

1.d4 Nf6 2.Nf3 d5 3.Bg5 e6 4.c4 c6 5.Nc3 Qa5 6.Qa4 Qxa4 7.Nxa4
Bb4+ 8.Bd2 Bxd2+ 9.Nxd2 O-O 10.e3 dxc4 11.Nc3 b5 12.a4 Nd5 13.axb5
Nxc3 14.bxc3 cxb5 15.Be2 Bb7 16.Bf3 Bxf3 17.Nxf3 Nc6 18.Rb1 Rfb8
19.Kd2 a5 20.Ne5 Nxe5 21.dxe5 Kf8 22.Rhd1 Rd8+ 23.Kc2 Rxd1 24.Kxd1
Rb8 25.Kc2 Ke7 26.Ra1 a4 27.Rb1 Kd7 28.Rb4 Kc6 29.e4 a3 30.Rb1
Ra8 31.Ra1 Kc5 32.f4 b4 33.cxb4+ Kxb4 34.Ra2 c3 35.Kc1 Kb3 36.Ra1
a2 37.g4 Rd8 38.f5 c2 39.Rxa2 Rd1# 0-1

[Event "Challengers' Cup"]
[Site "Seattle, WA"]
[Date "2014.10.25"]
[Round "3"]
[White "Piper August  (WA)"]
[Black "Anthony Ralph  (WA)"]
[Result "0-1"]
[WhiteElo "1523"]
[BlackElo "1667"]
[Annotator ""]
[Source ""]
[Remark "Reserve"]

1.g3 c5 2.Bg2 g6 3.Nf3 Bg7 4.c4 Nc6 5.Nc3 e6 6.e3 Nge7 7.O-O
O-O 8.a3 Rb8 9.Rb1 d5 10.d3 d4 11.exd4 Nxd4 12.Nxd4 Bxd4 13.Nb5
a6 14.Nxd4 Qxd4 15.Be3 Qd6 16.d4 cxd4 17.c5 Qxc5 18.Bxd4 Qd6
19.Re1 f6 20.Rc1 b6 21.Rc4 Rd8 22.Qc2 e5 23.Be3 Bb7 24.Rc1 Bxg2
25.Kxg2 Nf5 26.Qe4 Nxe3+ 27.Qxe3 Qd5+ 28.Kg1 Rb7 29.Qe4 Qxe4
30.Rxe4 Rd2 31.b4 Rbd7 32.Kf1 Ra2 33.Rec4 Rdd2 34.Rc6 Rxf2+ 35.Kg1
Rg2+ 36.Kh1 Rxh2+ 37.Kg1 Rag2+ 38.Kf1 Rxg3 39.Rc8+ Kg7 40.R1c7+
Kh6 41.Rb7 Rxa3 42.Kg1 Rb2 43.Rc1 Rg3+ 44.Kh1 Rxb4 45.Kh2 Rg5
46.Kh3 Rb3+ 47.Kh4 Rh5+ 48.Kg4 f5# 0-1

[Event "Challengers' Cup"]
[Site "Seattle, WA"]
[Date "2014.10.26"]
[Round "4"]
[White "Cho Ryan  (WA)"]
[Black "Lee Addison  (WA)"]
[Result "0-1"]
[WhiteElo "1313"]
[BlackElo "1527"]
[Annotator ""]
[Source ""]
[Remark "Reserve"]

1.e4 e5 2.d4 exd4 3.c3 dxc3 4.Bc4 Nc6 5.Nf3 Be7 6.Nxc3 d6 7.O-O
Bg4 8.Bf4 Nf6 9.Re1 O-O 10.Rc1 Nh5 11.Bd2 Ne5 12.Be2 Nxf3+ 13.Bxf3
Bxf3 14.Qxf3 Nf6 15.Nd5 Nxd5 16.exd5 Bf6 17.Bc3 Bxc3 18.Qxc3
Rc8 19.Qa5 a6 20.Re3 Qd7 21.Rcc3 Rfe8 22.h3 Rxe3 23.Rxe3 h6 24.Rg3
f6 25.Qd2 Kh8 26.Qc2 Qf7 27.Rc3 Qd7 28.a3 a5 29.g4 b6 30.f4 Qf7
31.Qe4 Re8 32.Qc4 Qe7 33.Rc1 Qe3+ 34.Kg2 Qe2+ 35.Kg1 Qxc4 36.Rxc4
Re7 37.Kf2 Kh7 38.Rc3 Kg6 39.Re3 Rxe3 40.Kxe3 f5 41.Kd4 fxg4
42.hxg4 h5 43.gxh5+ Kxh5 44.Kc4 Kg4 45.Kb5 Kxf4 46.Kc6 Ke5 0-1

[Event "Challengers' Cup"]
[Site "Seattle, WA"]
[Date "2014.10.26"]
[Round "4"]
[White "Jung Trevor  (WA)"]
[Black "Rupel David  (WA)"]
[Result "0-1"]
[WhiteElo "1577"]
[BlackElo "2105"]
[Annotator ""]
[Source ""]
[Remark "Open"]

1.e4 c5 2.Nf3 g6 3.d4 cxd4 4.Nxd4 Bg7 5.Nc3 Nc6 6.Be3 Nf6 7.Bc4
O-O 8.O-O Ng4 9.Nxc6 Nxe3 10.Nxd8 Nxd1 11.Raxd1 Rxd8 12.Nd5 Kf8
13.c3 e6 14.Nc7 Rb8 15.Bxe6 fxe6 16.Nxe6+ Ke7 17.Nxd8 Kxd8 18.Rd2
b5 19.a3 Bb7 20.Rfd1 Bc6 21.f4 Kc7 22.e5 g5 23.fxg5 Bxe5 24.Rf2
Rg8 25.Rf5 d6 26.Rf7+ Kb6 27.Rxh7 Rxg5 28.g3 a5 29.Rh4 Bf3 30.Rd2
d5 31.Rf2 Be4 32.Rh6+ Kc5 33.Rh4 b4 34.Rf8 Kc4 35.Rc8+ Kd3 36.cxb4
axb4 37.axb4 Ke2 38.Rxe4+ dxe4 39.Rc2+ Kd3 40.Rg2 e3 41.Kf1 Bd6
42.g4 Bxb4 43.h4 Rc5 44.Rg3 Rc1+ 45.Kg2 Rc2+ 46.Kg1 Ke4 47.Kf1
e2+ 0-1

[Event "Challengers' Cup"]
[Site "Seattle, WA"]
[Date "2014.10.26"]
[Round "4"]
[White "Haining Breck  (WA)"]
[Black "Upalekar Rohan  (WA)"]
[Result "1-0"]
[WhiteElo "1319"]
[BlackElo "739"]
[Annotator ""]
[Source ""]
[Remark "Reserve"]

1.e4 e5 2.Nf3 Nc6 3.Bb5 a6 4.Ba4 Bc5 5.O-O Nf6 6.d3 d6 7.c4 O-O
8.Nbd2 h6 9.Nb3 Bb6 10.Re1 Ng4 11.c5 dxc5 12.Bxc6 bxc6 13.Be3
c4 14.dxc4 Qxd1 15.Raxd1 Nxe3 16.fxe3 f5 17.Nxe5 fxe4 18.Nxc6
Bg4 19.Rc1 a5 20.c5 a4 21.Nd2 Ba5 22.Nxa5 Rxa5 23.Nxe4 a3 24.b4
Ra4 25.Rc4 Be6 26.Rd4 Bxa2 27.Nc3 Ra6 28.Nxa2 Raf6 29.Rd2 g5
30.e4 h5 31.e5 Re6 32.Rf2 Rfe8 33.Rf5 Rg6 34.Re3 h4 35.Rxa3 g4
36.Nc1 h3 37.gxh3 gxh3+ 38.Rg3 Rxg3+ 39.hxg3 Rd8 40.Kh2 Rd1 41.Nb3
Rb1 42.Rf3 Rb2+ 43.Kxh3 Re2 44.Rd3 Rxe5 45.Rd7 Rh5+ 46.Kg2 c6
47.Nd4 Rd5 48.Rxd5 cxd5 49.c6 Kf7 50.c7 Kf6 51.c8Q Ke5 52.Qc5
Ke4 53.b5 Ke3 54.b6 Kd2 55.Qxd5 Ke1 56.Qa2 Kd1 57.b7 Ke1 58.Qe2# 1-0